ბათუმის შოთა რუსთაველის სახელმწიფო უნივერსიტეტის ბიბლიოთეკა

ოცი წელი საპარლამენტო კონტროლის გარეშე : (ბიბ.ჩანაწერი № 59506)

000 -ლიდერი
ფიქსირებული სიგრძის საკონტროლო ველი 02030nam a22002537a 4500
003 - საკონტროლო ნომრის იდენტიფიკატორი
საკონტროლო ველი Ge_BSU
005 - ბოლო ოპერაციის თარიღი და დრო
საკონტროლო ველი 20230306121808.0
008 - ფიქსირებული სიგრძის მონაცემთა ელემენტები - ზოგადი ინფორმაცია
ფიქსირებული სიგრძის საკონტროლო ველი 230306s2019 ge ||||| |||| 00| 0 geo d
020 ## - წიგნის საერთაშორისო სტანდარტული ნომერი
International Standard Book Number 9789941809941
040 ## - კატალოგიზაციის წყარო
Original cataloging agency geo
041 ## - ენის კოდი
Language code of text/sound track or separate title geo
080 ## - უნივერსალური ათობითი კლასიფიკაციის ინდექსი
Universal Decimal Classification number 351.96(479.22) + 328.36(479.22) ო-93
245 ## - ცნობა სათაურის შესახებ
Title ოცი წელი საპარლამენტო კონტროლის გარეშე :
Remainder of title უმაღლესი წარმომადგენლობითი ორგანოს ზედამხედველობა უსაფრთხოების სექტორის საქმიანობაზე საქართველოში /
Statement of responsibility, etc კვლევის ხელმძღვანელი და სამეცნიერო რედაქტორი ვახუშტი მენაბდე ; რედაქტორი ზაალ ჩხეიძე ; დიზაინერი თორნიკე ლორთქიფანიძე.
250 ## - გამოცემის ცნობა
Edition statement მე-2 გადამუშავებული გამოცემა.
264 ## - წარმოების, გამოცემის, დისტრიბუციის და სხვა ცნობები
გამოცემის, წარმოების, დისტრიბუციის... ადგილი თბილისი,
გამოცემის, წარმოების, დისტრიბუციის... თარიღი 2019.
300 ## - ფიზიკური აღწერა
Extent 190 გვ. ;
Other physical details 24 სმ.
500 ## - ზოგადი შენიშვნა
General note გამოცემულია ფონდ ”ღია საზოგადოება - საქართველოს” ფინანსური მხარდაჭერით
504 ## - BIBLIOGRAPHY, ETC. NOTE
Bibliography, etc ბიბლიოგრაფია ტექსტის შენიშვნებში და გვ. 180-188.
653 ## - INDEX TERM--UNCONTROLLED
Uncontrolled term საპარლამენტო კონტროლი საქართველოში
700 ## - ADDED ENTRY--PERSONAL NAME
Personal name მენაბდე, ვახუშტი
Relator term რედაქტორი, კვლევის ხელმძღვანელი
9 (RLIN) 17101
700 ## - ADDED ENTRY--PERSONAL NAME
Personal name ჩხეიძე, ზაალ
Relator term რედაქტორი
9 (RLIN) 2244
700 ## - ADDED ENTRY--PERSONAL NAME
Personal name ლორთქიფანიძე, თორნიკე
Relator term დიზაინერი
9 (RLIN) 17102
942 ## - ADDED ENTRY ELEMENTS (KOHA)
Source of classification or shelving scheme
Koha item type წიგნი
ეგზემპლარები
ჩამოწერის სტატუსი დაკარგული ეგზემპლარის სტატუსი კლასიფიკაციის წყარო ან თაროზე გაწყობის სქემა დაზიანების სტატუსი არ გაიცემა მუდმივი მდებარეობა (დაცვის ადგილი) ამჟამინდელი ადგილსამყოფელი თაროზე განთავსების ადგილი შეძენის თარიღი ღირებულება, შესყიდვის ნორმალური ფასი სრული შენახვის შიფრი შტრიხკოდი ბოლო ოპერაციის თარიღი ეგზემპლარის მიმდევრობითი ნომერი (კეტერი?) ფასის ძალაში შესვლის თარიღი ეგზემპლარის სახეობა საჯარო შენიშვნა
          ბათუმის შოთა რუსთაველის სახელმწიფო უნივერსიტეტის მთავარი ბიბლიოთეკა ბათუმის შოთა რუსთაველის სახელმწიფო უნივერსიტეტის მთავარი ბიბლიოთეკა წიგნსაცავი 2023-03-06 6.00 351.96(479.22) + 328.36(479.22) ო-93 63968 2023-03-06 63968 2023-03-06 წიგნი 6 ლ.